| 000 | 00701nam a2200241 a 4500 | ||
|---|---|---|---|
| 005 | 20210219153536.0 | ||
| 008 | 991125n 000 0 u | ||
| 035 | _aUPN01000105563 | ||
| 100 | _aWELCH, Anthony R. | ||
| 222 | _aREVISTA DE EDUCACION | ||
| 245 | _a¿Crisis de alfabetización o crisis de estado? : explicaciones de la actual crisis de alfabetización | ||
| 300 | _a255-279 | ||
| 362 | _a1990 No. 293, sept.-dic. | ||
| 653 | 0 | _aALFABETIZACION | |
| 653 | 0 | _aANALFABETISMO | |
| 653 | 0 | _aAUSTRALIA | |
| 653 | 0 | _aCANADA | |
| 653 | 0 | _aEDUCACION PUBLICA | |
| 653 | 0 | _aESTADOS UNIDOS DE AMERICA | |
| 700 | _aFREEBODY, Peter, coaut. | ||
| 904 |
_aAC _b043374 |
||
| 905 | _aArticulo | ||
| 999 |
_c79522 _d79522 |
||